00605nam a22001931 450000100060000000300080000600500170001400800390003103500190007004000320008904100080012108200200012910000190014924500790016826000690024730000430031650400300035965000220038912278BD-RjUL20211208235251.0140128r19771968wiuab b 000 0 eng a(BD-RjUL)12327 aDLCcDLCdDLCdBD-RjULbeng aeng00a597.5bCUF 19701 aCushing, D. H.10aFisheries biology :ba study in population dynamics /c[by] D. H. Cushing. aMadison :bUniversity of Wisconsin Press,cc1968 [Reprint 1970]. axii, 200 p. :billus., maps. ;c24 cm. aBibliography: p. 179-188. 0aFish populations.